Alone : in viaggio per l'Italia /

I tiakina i:
Ngā taipitopito rārangi puna kōrero
Kaituhi matua: Douglas, Norman (Author)
Ētahi atu kaituhi: Lazzaro, Bianca (Translator)
Hōputu: Pukapuka
Reo:Itāriana
I whakaputaina: Catanzaro : Abramo, 1993
Rangatū:I pavoni ; 11
Ngā Tūtohu: Tāpirihia he Tūtohu
Kāore He Tūtohu, Me noho koe te mea tuatahi ki te tūtohu i tēnei pūkete!

MARC

LEADER 00000nam a22000007i 4500
001 IT\ICCU\LO1\0314583
003 ItRI
005 20260115232328.0
008 931011s1993 it |||||| ||||| |||||c
015 |2 IT  |a 93-6763 
040 |b ita  |c importazione bologna sebina 
041 7 |a ita  |2 ISO-639-2 
082 |a 828.91203  |9 SCRITTI MISCELLANEI INGLESI. 1900-1945. Diari, memorie, taccuini, ricordi  |2 19 
100 1 |a Douglas, Norman  |0 IT\ICCU\CFIV\051158  |4 aut 
240 1 0 |a Alone.  |3 IT\ICCU\LO1\0315621  |9 Douglas, Norman 
245 1 0 |a Alone :  |b in viaggio per l'Italia /  |c Norman Douglas. 
260 |a Catanzaro :  |b Abramo,  |c 1993 
300 |a 312 p. ;  |c 20 cm 
500 |a Traduzione di Bianca Lazzaro. 
700 1 |a Lazzaro, Bianca  |0 IT\ICCU\VIAV\094116  |4 trl 
790 0 |a Pilaff Bey  |3 IT\ICCU\CFIV\154405  |z Douglas, Norman 
790 1 |a Bey, Pilaff  |3 IT\ICCU\RAVV\084189  |z Douglas, Norman 
830 2 |a I pavoni ;  |v 11  |0 IT\ICCU\CFI\0168334 
942 |2 ddc  |c BK  |n 0 
952 |0 0  |1 0  |4 0  |6 DOC_910_900000000000000_DOU  |7 0  |9 24292  |a BO  |b BO  |d 2026-01-15  |i 11638  |l 0  |o DOC 910.9 DOU  |p BO11638  |r 2026-01-15 23:23:28  |w 2026-01-15  |x [Sebina 5] [1 v.]  |y BK  |z 1 v. 
999 |c 20677  |d 20677